[Event "21st World Seniors Women"]
[Site "Rijeka CRO"]
[Date "2011.11.22"]
[Round "7.2"]
[White "Melashvili,N"]
[Black "Gaprindashvili,N1"]
[Result "1/2-1/2"]
[WhiteElo "2106"]
[BlackElo "2360"]

1.Nf3 g6 2.d4 d6 3.Nc3 b6 4.e4 Bb7 5.Bc4 Bg7 6.Bxf7+ Kxf7 7.Ng5+ Ke8 8.Ne6 Qd7
9.Nxg7+ Kf7 10.Nh5 gxh5 11.Qxh5+ Kf8 12.h4 Qe6 13.Rh3 Qg6 14.Rf3+ Nf6 15.Qxg6 hxg6
16.Bg5 Kg7 17.O-O-O Nbd7 18.Re3 e5 19.dxe5 Nxe5 20.f4 Neg4 21.Rg3 Rhe8 22.Re1 Nf2
23.Bxf6+ Kxf6 24.e5+ dxe5 25.Re2 Nh1 26.Rge3 Kf5 27.fxe5 Kg4 28.Ne4 Bxe4
29.Rxe4+ Kf5 30.R4e3 Kg4 31.Re4+ Kg3 32.R4e3+ Kg4 33.Re4+  1/2-1/2

[Event "21st World Seniors Women"]
[Site "Rijeka CRO"]
[Date "2011.11.23"]
[Round "8.2"]
[White "Khmiadashvili,T"]
[Black "Gaprindashvili,N1"]
[Result "1/2-1/2"]
[WhiteElo "2166"]
[BlackElo "2360"]

1.e4 b6 2.Nc3 Bb7 3.d3 g6 4.f4 Bg7 5.Nf3 e6 6.g3 Ne7 7.Bg2 d5 8.Qe2 O-O 9.exd5 Nxd5
10.Ne4 c5 11.Ne5 Nc6 12.Nxc6 Bxc6 13.O-O Qd7 14.Ng5 Ne7 15.Nf3 Qb7 16.g4 Rac8
17.Rb1 Qc7 18.Ne5 Bxg2 19.Kxg2 Nc6 20.Nxc6 Qxc6+ 21.Qe4 c4 22.Qxc6 Rxc6 23.dxc4 Rxc4
24.c3 Rd8 25.Be3 e5 26.Rbe1 b5 27.h3  1/2-1/2

[Event "21st World Seniors Women"]
[Site "Rijeka CRO"]
[Date "2011.11.24"]
[Round "9.4"]
[White "Gaprindashvili,N1"]
[Black "Kozlovskaya,V"]
[Result "1-0"]
[WhiteElo "2360"]
[BlackElo "2281"]

1.d4 d6 2.c4 g6 3.Nf3 Bg7 4.g3 c6 5.Bg2 Nf6 6.Nc3 O-O 7.O-O Nbd7 8.e4 e5
9.h3 Re8 10.Re1 Qe7 11.Be3 b6 12.Qc2 Nf8 13.c5 N6d7 14.cxd6 Qxd6 15.dxe5 Nxe5
16.Nxe5 Qxe5 17.f4 Qe7 18.e5 Bf5 19.Qa4 b5 20.Qa6 Bd7 21.Ne4 Qb4 22.Nc5 Rad8
23.b3 Bc8 24.Qxa7 g5 25.Rac1 gxf4 26.gxf4 Bf5 27.a3 Ra8 28.axb4 Rxa7 29.Ne4 Rd7
30.Ng3 Be6 31.Bxc6 Bxb3 32.Bxb5 Red8 33.Bxd7 Rxd7 34.Rc8 f6 35.Bc5 Kf7 36.exf6 Bh6
37.Re7+ Kg6 38.f5+ Kxf6 39.Rxf8+  1-0

[Event "21st World Seniors Women"]
[Site "Rijeka CRO"]
[Date "2011.11.25"]
[Round "10.1"]
[White "Fatalibekova,E"]
[Black "Gaprindashvili,N1"]
[Result "1/2-1/2"]
[WhiteElo "2285"]
[BlackElo "2360"]

1.e4 b6 2.d4 Bb7 3.Bd3 e6 4.Nf3 d6 5.c4 c5 6.d5 e5 7.O-O g6 8.a3 Bg7 9.b4 Ne7
10.bxc5 bxc5 11.Nc3 O-O 12.Rb1 Bc8 13.Ne1 f5 14.f3 Nd7 15.Bd2 Nf6 16.Be2 Rf7
17.Nd3 Qf8 18.Rb2 Bh6 19.Bxh6 Qxh6 20.Qc1 Qxc1 21.Rxc1 Ba6 22.Nf2 Nc8 23.Rcb1 Nb6
24.Nb5 Ne8 25.exf5 gxf5 26.f4 Na4 27.Rb3 Bxb5 28.cxb5 Nf6 29.fxe5 dxe5 30.d6 Rd7
31.Bc4+ Kf8 32.Be6 Rxd6 33.Bxf5 Rad8 34.Rf1 Ke7 35.Re3 Rd5 36.Ne4 Rd1 37.Nxf6 Rxf1+
38.Kxf1 Kxf6 39.Bxh7 c4 40.Bc2 Nb6 41.Ke1 Rd4 42.g3 Nd5 43.Re2 Ke6 44.a4 Kd6
45.h4 Rg4 46.Kf2 Nf6 47.Kf3 Kd5 48.Bf5 e4+ 49.Kg2 Rg7 50.g4 Nxg4 51.Bxe4+ Kd4
52.Kh3 Nf2+ 53.Rxf2 Kxe4 54.Rf6 c3 55.Rc6 Kd3 56.h5 c2 57.Kh4 Rg1 58.a5 c1=Q
59.Rxc1 Rxc1 60.b6 axb6 61.axb6 Rb1 62.Kg5  1/2-1/2

[Event "21st World Seniors Women"]
[Site "Rijeka CRO"]
[Date "2011.11.26"]
[Round "11.3"]
[White "Gaprindashvili,N1"]
[Black "Bilunova,R"]
[Result "1/2-1/2"]
[WhiteElo "2360"]
[BlackElo "2151"]

1.d4 Nf6 2.c4 e6 3.Nf3 b6 4.g3 Bb7 5.Bg2 Bb4+ 6.Bd2 a5 7.O-O O-O 8.a3 Be7
9.Nc3 Ne4 10.Ne1 Nxc3 11.Bxc3 Bxg2 12.Nxg2 d5 13.cxd5 exd5 14.b4 axb4 15.axb4 Rxa1
16.Qxa1 Nd7 17.Qa4 Nf6 18.Ra1 Ne4 19.Be1 Bf6 20.b5 Qd7 21.Nf4 g5 22.Nd3 Nd6
23.Bb4 Re8 24.Bxd6 Qxd6 25.e3 h5 26.Rc1 Qd7 27.Rc6 Kg7 28.Qd1 Re6 29.Nb4 g4
30.Qc2 Rxc6 31.Qxc6 Qf5 32.Nxd5 Qb1+ 33.Kg2 Qe4+ 34.Kf1 Qb1+ 35.Ke2 Qb2+
36.Ke1 Qb1+ 37.Kd2 Qa2+ 38.Kd3 Qb1+ 39.Kd2 Qa2+ 40.Kd3 Qb1+ 41.Qc2 Qxb5+
42.Ke4 c5 43.dxc5 bxc5 44.Nxf6 Kxf6 45.Qc3+ Kg6 46.Kd5 Qd7+ 47.Kxc5 Qf5+
48.Kd6 Qxf2 49.Ke7 Qf5 50.Qc6+ Kg7 51.e4 Qe5+ 52.Kd8 Qb8+ 53.Kd7 Qa7+ 54.Kd6 Qb8+
55.Kd5 Qb3+ 56.Ke5 Qf3 57.Qd6 f6+ 58.Kd4 Qd1+ 59.Kc5 Qc2+ 60.Kd4  1/2-1/2

[Event "Women's World Rapid Championship 2012"]
[Site "Batumi GEO"]
[Date "2012.05.31"]
[Round "1.13"]
[White "Gaprindashvili,N1"]
[Black "Paehtz,E"]
[Result "1-0"]
[WhiteElo "2356"]
[BlackElo "2491"]

1.d4 g6 2.c4 Bg7 3.g3 d6 4.Bg2 Nf6 5.Nf3 O-O 6.Nc3 Nc6 7.O-O a6 8.d5 Na5
9.Nd2 c5 10.Rb1 Rb8 11.b3 b5 12.Bb2 Bg4 13.h3 Bd7 14.Ba1 Rb6 15.e4 e5 16.f4 exf4
17.gxf4 Nh5 18.Ne2 Bh6 19.Qc2 Rb8 20.Rbe1 bxc4 21.bxc4 Rb4 22.Bc3 Ra4 23.Ba1 Qh4
24.Nf3 Qe7 25.Nd2 Re8 26.Rb1 Qd8 27.Rf3 Qc7 28.Rbf1 f6 29.Rb1 Rb4 30.a3 Rxb1+
31.Nxb1 Rb8 32.Nd2 Nb7 33.Bc3 Nd8 34.Rf1 Nf7 35.Qd3 Re8 36.Kh2 Qd8 37.Qf3 f5
38.Qd3 Qh4 39.Qf3 fxe4 40.Nxe4 Bf5 41.N4g3 Nxg3 42.Nxg3 Bd7 43.Ne4 Bg7 44.Bxg7 Kxg7
45.Qc3+ Kf8 46.Qf6 Qxf6 47.Nxf6 Re7 48.Nxh7+ Kg7 49.Ng5 Nh6 50.Rb1 Nf5 51.Rb7 Ba4
52.Rb6 Re2 53.Rxa6 Bb3 54.Ra7+ Kg8 55.Kg1 Bxc4 56.a4 Re1+ 57.Kf2 Re2+ 58.Kg1 Nh4
59.Ra8+ Kg7 60.Ra7+ Kf8 61.Be4 Re1+ 62.Kf2 Rf1+ 63.Kg3 Nf5+ 64.Bxf5 gxf5
65.Rf7+ Ke8 66.Rxf5 Bd3 67.Rf6 c4 68.Re6+ Kd7 69.Ne4 Kc7 70.Nxd6 Rg1+ 71.Kh4 Kb8
72.Nb5 Bf5 73.Rc6 Rc1 74.Kg5 Bxh3 75.Kf6 Bd7 76.Rc5 Bg4 77.Ke5 Be2 78.Kd6 Ra1
79.Nd4 Bd3 80.a5 Rh1 81.Kc6 Rh6+ 82.Kb5 Rf6 83.f5 c3+ 84.Kb4 c2 85.Nxc2 Rxf5
86.Nd4 Rf4 87.Kc3 Bf1 88.d6 Bh3 89.Rh5 Bd7 90.Rh7 Ba4 91.Kc4 Rg4 92.a6 Rf4
93.Rb7+ Ka8 94.Kc5 Rh4 95.d7 Rh5+ 96.Kd6 Rh8 97.Ne6 Bxd7 98.Nc7+  1-0

[Event "Women's World Rapid Championship 2012"]
[Site "Batumi GEO"]
[Date "2012.05.31"]
[Round "2.9"]
[White "Gaprindashvili,N1"]
[Black "Cramling,P"]
[Result "0-1"]
[WhiteElo "2356"]
[BlackElo "2478"]

1.d4 Nf6 2.c4 e6 3.Nf3 Bb4+ 4.Bd2 a5 5.Nc3 b6 6.g3 Ba6 7.Bg2 Bxc4 8.Ne5 Bd5
9.Nxd5 Bxd2+ 10.Qxd2 exd5 11.O-O O-O 12.Rac1 c6 13.a3 Na6 14.f3 Nc7 15.e4 a4
16.Nd3 Ne6 17.e5 Ne8 18.Qe3 f5 19.f4 N8c7 20.Nb4 Na6 21.Nc2 b5 22.g4 Qh4
23.g5 h6 24.gxh6 g5 25.fxg5 Qxg5 26.Qxg5+ Nxg5 27.Ne3 f4 28.Ng4 Nh7 29.Rc3 Nc7
30.h4 Rab8 31.Rd3 b4 32.axb4 Rxb4 33.Rf2 Ne6 34.Rfd2 Rf5 35.Nh2 Rh5 36.Nf3 Rxh6
37.Bh3 Rg6+ 38.Kh2 Nhf8 39.Ra3 Rg3 40.Rg2 Rxg2+ 41.Bxg2 Nxd4 42.Nxd4 Rxd4
43.b3 axb3 44.Rxb3 Ng6 45.Rb8+ Kg7 46.h5 Nxe5 47.Re8 Ng4+ 48.Kh3 Nf6 49.Re5 Kh6
50.Bf3 Rd3 51.Kg2 Rd2+ 52.Kg1 c5 53.Rf5 Ne4 54.Rxf4 c4 55.Kf1 c3  0-1

[Event "Women's World Rapid Championship 2012"]
[Site "Batumi GEO"]
[Date "2012.05.31"]
[Round "3.15"]
[White "Muzychuk,M"]
[Black "Gaprindashvili,N1"]
[Result "1-0"]
[WhiteElo "2456"]
[BlackElo "2356"]

1.d4 c5 2.e4 cxd4 3.c3 dxc3 4.Nxc3 Nc6 5.Nf3 d6 6.Bc4 e6 7.O-O Be7 8.Qe2 a6
9.Rd1 Qc7 10.Bf4 Ne5 11.Bb3 Bd7 12.Rac1 Qb8 13.Bxe5 dxe5 14.Rxd7 Kxd7 15.Ba4+ b5
16.Nxb5 axb5 17.Bxb5+ Kd8 18.Rd1+ Kc8 19.Bd7+ Kb7 20.Qb5+ Ka7 21.Qa5+ Kb7
22.Bc6+ Kc8 23.Bxa8 Qc7 24.Qa6+ Kb8 25.Nxe5  1-0

[Event "Women's World Rapid Championship 2012"]
[Site "Batumi GEO"]
[Date "2012.06.01"]
[Round "4.17"]
[White "Khotenashvili,B"]
[Black "Gaprindashvili,N1"]
[Result "1-0"]
[WhiteElo "2500"]
[BlackElo "2356"]

1.d4 c5 2.e3 e6 3.Nf3 d5 4.b3 Nf6 5.Bd3 Be7 6.O-O O-O 7.Bb2 b6 8.Ne5 Bb7
9.Nd2 Ne4 10.f3 Nxd2 11.Qxd2 Nd7 12.f4 Nxe5 13.dxe5 f5 14.Qe2 Qe8 15.Rad1 Rd8
16.h3 Qg6 17.Kh2 h5 18.Rg1 h4 19.g4 hxg3+ 20.Rxg3 Qh6 21.Rdg1 g5 22.fxg5 Qh4
23.Qf1 Kg7 24.Qf4 Rh8 25.Rf1 Rh7 26.Rf2 Rdh8 27.Bf1 Rh5 28.Qxh4 Rxh4 29.Bg2 Kg6
30.c4 Bxg5 31.cxd5 Bxd5 32.Bxd5 exd5 33.e6 Re8 34.Rfg2 Kh6 35.Rxg5 Rxe6 36.Rg8 Rh5  1-0

[Event "Women's World Rapid Championship 2012"]
[Site "Batumi GEO"]
[Date "2012.06.01"]
[Round "5.22"]
[White "Gaprindashvili,N1"]
[Black "Charkhalashvili,I"]
[Result "0-1"]
[WhiteElo "2356"]
[BlackElo "2334"]

1.d4 Nf6 2.c4 e6 3.Nf3 b6 4.g3 Ba6 5.b3 b5 6.Bg2 bxc4 7.Ne5 Bb4+ 8.Bd2 cxb3
9.Bxb4 b2 10.Nc3 bxa1=Q 11.Qxa1 d5 12.Qd1 Nfd7 13.Qa4 Bb7 14.O-O c6 15.Nd3 a5
16.Ba3 Nb6 17.Qb3 Ba6 18.Nc5 Nc4 19.Bc1 O-O 20.Bf4 Nd7 21.Nxa6 Rxa6 22.Rb1 Rb6
23.Qd1 Rxb1 24.Qxb1 Qb6 25.Qxb6 Ndxb6 26.e4 Rc8 27.Bf1 c5 28.exd5 cxd4 29.Nb5 Nxd5  0-1

[Event "Women's World Rapid Championship 2012"]
[Site "Batumi GEO"]
[Date "2012.06.01"]
[Round "6.23"]
[White "Mikadze,M"]
[Black "Gaprindashvili,N1"]
[Result "1-0"]
[WhiteElo "2323"]
[BlackElo "2356"]

1.e4 b6 2.d4 Bb7 3.Bd3 e6 4.Nf3 c5 5.c3 Nf6 6.Qe2 d5 7.Nbd2 cxd4 8.Nxd4 dxe4
9.Nxe4 Be7 10.Bb5+ Kf8 11.Ng5 Kg8 12.Ndxe6 Qd5 13.Nc7 Qc5 14.Bc4 Nd5 15.Nxd5 Bxd5
16.Bxd5 Qxd5 17.Qxe7 Nc6 18.Qc7 Ne5 19.O-O h6 20.Bf4 Nd3 21.Nf3 Kh7 22.Rad1 Rad8
23.Ne5  1-0

[Event "Women's World Rapid Championship 2012"]
[Site "Batumi GEO"]
[Date "2012.06.02"]
[Round "7.24"]
[White "Gaprindashvili,N1"]
[Black "Krush,I"]
[Result "0-1"]
[WhiteElo "2356"]
[BlackElo "2457"]

1.d4 g6 2.c4 Bg7 3.Nf3 d6 4.g3 c5 5.Bg2 Nc6 6.dxc5 Qa5+ 7.Nbd2 Qxc5 8.O-O Nf6
9.b3 Qh5 10.Bb2 O-O 11.Qc1 Bh3 12.Bc3 Bxg2 13.Kxg2 Nd7 14.Bxg7 Kxg7 15.Qb2+ Kg8
16.Rfd1 b5 17.Rac1 Rfc8 18.h3 bxc4 19.Nxc4 Qb5 20.Ne3 Nde5 21.Ng4 Nxg4 22.hxg4 Nd8
23.Rh1 Rxc1 24.Rxc1 Ne6 25.Qd2 Qb7 26.Qc3 Qe4 27.Qc4 Qxc4 28.Rxc4 h6 29.e4 Kf8
30.Kf1 Ke8 31.Ke2 Kd7 32.Kd3 a5 33.Kc3 Nc5 34.Ne1 Rc8 35.Kb2 a4 36.f3 axb3
37.axb3 h5 38.gxh5 gxh5 39.Kc3 Rg8 40.b4 Ne6 41.b5 Rxg3 42.Ra4 Nc5 43.Ra7+ Ke6
44.b6 Rg8 45.Kc4 h4 46.Nd3 Nxd3 47.Kxd3 Rb8 48.b7 Ke5 49.Ke3 d5 50.f4+ Kd6
51.exd5 Kxd5 52.Ra5+ Ke6 53.Rh5 Rxb7 54.Rxh4 Rb3+ 55.Ke2 f6 56.Rh5 Ra3 57.Rb5 Ra6
58.Ke3 Rd6 59.Ra5 Rd5 60.Ra4 Kf5 61.Rb4 Ra5 62.Rb3 Kg4 63.Rb7 Ra3+ 64.Ke4 Ra4+
65.Ke3 e6 66.Rg7+ Kf5 67.Re7 Re4+ 68.Kd3 Kxf4 69.Rh7 Re1 70.Rh4+ Kg5 71.Ra4 e5
72.Kd2 Rb1 73.Ke3 Rb3+ 74.Ke4 Rb1 75.Kd5 Kf5 76.Kd6 Rb6+ 77.Ke7 e4 78.Ra1 e3  0-1

[Event "Women's World Rapid Championship 2012"]
[Site "Batumi GEO"]
[Date "2012.06.02"]
[Round "8.25"]
[White "Umudova,N"]
[Black "Gaprindashvili,N1"]
[Result "1-0"]
[WhiteElo "2231"]
[BlackElo "2356"]

1.e4 b6 2.d4 Bb7 3.Bd3 e6 4.Nf3 c5 5.c4 cxd4 6.Nxd4 d6 7.Nc3 Nf6 8.O-O a6
9.Qe2 Nbd7 10.f4 Qc7 11.f5 Nc5 12.fxe6 fxe6 13.Bc2 Qf7 14.b4 Ncd7 15.Bb3 Bc8
16.c5 Nxc5 17.bxc5 bxc5 18.Nf3 Qh5 19.Ba4+ Bd7 20.Qc4 Ke7 21.e5 dxe5 22.Qxc5+ Ke8
23.Qc4  1-0

[Event "Women's World Rapid Championship 2012"]
[Site "Batumi GEO"]
[Date "2012.06.02"]
[Round "9.25"]
[White "Gaprindashvili,N1"]
[Black "Bezgodova,S"]
[Result "1-0"]
[WhiteElo "2356"]
[BlackElo "2120"]

1.d4 d5 2.c4 e6 3.Nf3 c5 4.cxd5 exd5 5.g3 Nc6 6.Bg2 Nf6 7.Bg5 Be7 8.O-O O-O
9.Nc3 cxd4 10.Nxd4 Be6 11.Qa4 Qb6 12.Nxe6 fxe6 13.Qb3 Qxb3 14.axb3 Nd4 15.Bh3 Kf7
16.Ra4 Nxb3 17.Nb5 a6 18.Nc7 Nc5 19.Nxa8 Nxa4 20.Nc7 Nc5 21.b4 Rc8 22.Bf4 g5
23.bxc5 g4 24.Bg2 Bxc5 25.Rb1 b6 26.Nxa6 Ra8 27.Nb4 Ra4 28.Nd3 Kg6 29.Bc7 Kf5
30.h3 h5 31.hxg4+ hxg4 32.Bxb6 Bxb6 33.Rxb6 Ra1+ 34.Kh2 Ra2 35.Rb2 Ra3 36.Rb4 e5
37.Rb5 e4 38.Nf4 Ke5 39.Rb6 Ra5 40.Re6+ Kf5 41.Re7 Ra2 42.Nxd5 Rxe2 43.Nxf6 Kxf6
44.Rxe4  1-0

[Event "Women's World Rapid Championship 2012"]
[Site "Batumi GEO"]
[Date "2012.06.03"]
[Round "10.24"]
[White "Klinova,M"]
[Black "Gaprindashvili,N1"]
[Result "1-0"]
[WhiteElo "2318"]
[BlackElo "2356"]

1.e4 g6 2.d4 c6 3.Nc3 d5 4.h3 Nh6 5.Nf3 f6 6.Bd3 Bg7 7.O-O Nf7 8.Ne2 O-O
9.exd5 cxd5 10.c4 e6 11.cxd5 exd5 12.Qb3 Nc6 13.Nf4 Ne7 14.Re1 g5 15.Ne6 Bxe6
16.Rxe6 Qd7 17.Re2 Rac8 18.Bd2 Nc6 19.Rae1 f5 20.Bc3 Bf6 21.Bb1 Ncd8 22.Bb4 Nc6
23.Bxf8 Rxf8 24.Re6 Nxd4 25.Nxd4 Bxd4 26.Re7 Qd6 27.Qd3 Qf4 28.R7e2 Ne5 29.Rxe5  1-0

[Event "Women's World Rapid Championship 2012"]
[Site "Batumi GEO"]
[Date "2012.06.03"]
[Round "11.25"]
[White "Gurieli,N"]
[Black "Gaprindashvili,N1"]
[Result "1-0"]
[WhiteElo "2329"]
[BlackElo "2356"]

1.e4 b6 2.d4 Bb7 3.Nc3 e6 4.Nf3 d6 5.Bd3 Nd7 6.O-O g6 7.Bg5 Ne7 8.d5 e5 9.Qc1 h6
10.Be3 Bg7 11.a4 a6 12.a5 b5 13.Ne1 f5 14.b4 f4 15.Bd2 c5 16.dxc6 Bxc6 17.Qb2 O-O
18.Qb3+ Kh7 19.Rd1 Nf6 20.Nf3 Qc8 21.h3 Ra7 22.Bc1 Bd7 23.Be2 Rc7 24.Bb2 Be6
25.Qa3 Rd8 26.Rd2 Rxc3 27.Bxc3 Nxe4 28.Rd3 Bc4 29.Bb2 Bxd3 30.Bxd3 Nf6 31.Qb3 Nf5
32.Re1 Re8 33.Nd2 Qc6 34.c4 e4 35.cxb5 axb5 36.Bxf6 exd3 37.Rxe8 Qxe8 38.Bxg7 Qe1+
39.Nf1 Nxg7 40.Qxd3 Qxb4 41.a6 Qa4 42.Qxd6 b4 43.Nd2 Qd1+ 44.Kh2 b3 45.a7 b2
46.Qb4 Qa1 47.Qb7 Qxa7 48.Qxa7  1-0

[Event "12th ch-Euro Seniors w"]
[Site "Kaunas LTU"]
[Date "2012.08.18"]
[Round "1.1"]
[White "Polyakova,N"]
[Black "Gaprindashvili,N1"]
[Result "1/2-1/2"]
[WhiteElo "2066"]
[BlackElo "2356"]

1.d4 c5 2.e3 d5 3.c3 e6 4.f4 Nf6 5.Nd2 Bd6 6.Qf3 Bd7 7.Bd3 Bc6 8.Ne2 Nbd7
9.g4 g6 10.g5 Nh5 11.Ng3 Ng7 12.h4 Qc7 13.h5 O-O-O 14.Ndf1 Qb6 15.Nh2 f5
16.Qe2 h6 17.Nf3 gxh5 18.b3 hxg5 19.Nxg5 Rdf8 20.Nxh5 Nf6 21.Ng3 Rxh1+ 22.Nxh1 Rh8
23.Ng3 Be8 24.Bd2 Ne4 25.Bxe4 dxe4 26.O-O-O Bb5 27.c4 cxd4 28.exd4 Qc7 29.Rf1 Be8
30.Kb1 Be7 31.Qf2 Bf6 32.Be3 b6 33.Rh1 Rxh1+ 34.Nxh1 Qd8 35.Ng3 Kb7 36.Nh7 Be7
37.Qh2 Bh4 38.Qg2 Qe7 39.Ne2 Bh5 40.Nc3 Bf3 41.Qg6 Be1 42.Kb2 Nh5 43.Ng5 Nf6
44.Nb1 Be2 45.d5 exd5 46.Bd4 Nd7 47.cxd5 Nc5 48.Qc6+ Ka6 49.d6 Qd7 50.Qxd7 Nxd7
51.Nc3 Bg4 52.Nd5 Kb7 53.Ne3 Kc6 54.Nxe4 fxe4 55.Nxg4 Kxd6 56.f5 Kd5 57.Bg7 Bd2
58.Kc2 Bg5 59.Kc3 a6 60.b4  1/2-1/2

[Event "12th ch-Euro Seniors w"]
[Site "Kaunas LTU"]
[Date "2012.08.19"]
[Round "2.6"]
[White "Gaprindashvili,N1"]
[Black "Kalashnikova,L"]
[Result "1-0"]
[WhiteElo "2356"]
[BlackElo "1896"]

1.d4 f5 2.Nf3 Nf6 3.g3 e6 4.Bg2 d5 5.O-O Be7 6.c4 O-O 7.Qb3 c6 8.Nc3 Nbd7
9.Rd1 Ne4 10.Ne1 Qe8 11.f3 dxc4 12.Qxc4 Nb6 13.Qb3 Nxc3 14.bxc3 Kh8 15.Nd3 Bf6
16.Ba3 Rg8 17.e4 g5 18.exf5 exf5 19.Re1 Qd8 20.Ne5 Qd5 21.Rad1 Qxb3 22.axb3 Kg7
23.c4 Rd8 24.f4 g4 25.d5 cxd5 26.cxd5 Nd7 27.Rc1 a6 28.Rc7 Kg8 29.d6 Rb8
30.Bd5+ Kf8 31.Be6 Bxe5 32.Rxe5 Nxe5 33.d7+  1-0

[Event "12th ch-Euro Seniors w"]
[Site "Kaunas LTU"]
[Date "2012.08.20"]
[Round "3.3"]
[White "Dotan,V"]
[Black "Gaprindashvili,N1"]
[Result "0-1"]
[WhiteElo "2075"]
[BlackElo "2356"]

1.d4 c5 2.c4 cxd4 3.Qxd4 Nc6 4.Qd2 Nf6 5.Nc3 e6 6.e4 Bb4 7.f3 d5 8.cxd5 exd5
9.exd5 Nxd5 10.Bc4 Qh4+  0-1

[Event "12th ch-Euro Seniors w"]
[Site "Kaunas LTU"]
[Date "2012.08.21"]
[Round "4.1"]
[White "Gaprindashvili,N1"]
[Black "Strutinskaya,G"]
[Result "1/2-1/2"]
[WhiteElo "2356"]
[BlackElo "2302"]

1.d4 d5 2.c4 e6 3.Nf3 c6 4.Qb3 Nd7 5.g3 Bd6 6.Bg2 f5 7.O-O Ngf6 8.Bf4 Bxf4
9.gxf4 Ne4 10.Nc3 Nd6 11.c5 Ne4 12.Qc2 O-O 13.e3 Rf6 14.Ne2 Rh6 15.Ng3 Ndf6
16.Ne5 Bd7 17.f3 Nxg3 18.hxg3 Be8 19.Kf2 Rc8 20.Rh1 Rxh1 21.Rxh1 Qa5 22.b3 g6
23.Bf1 Rc7 24.Be2 a6 25.Qb2 Rg7 26.b4 Qd8 27.a4 Nd7 28.Nd3 Nf6 29.Ne5 Nd7
30.Nd3 Nf6 31.Qb1 Qc7 32.Ne5 Nd7 33.Nd3 h5 34.b5 axb5 35.axb5 cxb5 36.Qxb5 Kf8
37.Qb4 Re7 38.Rb1 Nb8 39.Qb6 Nc6 40.Qxc7 Rxc7 41.g4 Ke7 42.Kg3 Kf6 43.Bd1 Ne7
44.Ne5 Bc6 45.g5+ Kg7 46.Be2 Bd7 47.Rb6 Bc6 48.Bd3 Nc8 49.Rb1 Ne7 50.Bb5 Bxb5
51.Rxb5 Nc6  1/2-1/2

[Event "12th ch-Euro Seniors w"]
[Site "Kaunas LTU"]
[Date "2012.08.22"]
[Round "5.1"]
[White "Fomina,T"]
[Black "Gaprindashvili,N1"]
[Result "1/2-1/2"]
[WhiteElo "2189"]
[BlackElo "2356"]

1.e4 g6 2.d4 c6 3.Nc3 d5 4.f3 Bg7 5.Be3 dxe4 6.fxe4 e5 7.Nf3 exd4 8.Bxd4 Bxd4
9.Qxd4 Qxd4 10.Nxd4 Nd7 11.Nf3 Ngf6 12.h3 O-O 13.O-O-O Nc5 14.e5 Nfe4 15.Nxe4 Nxe4
16.Rg1 Ng3 17.Bd3 Bf5 18.Rge1 Rad8 19.Bxf5 Nxf5 20.e6 Rxd1+ 21.Kxd1 Rd8+
22.Kc1 f6 23.c3 Ne7 24.b4 Kg7 25.Kc2 Rd6 26.a4 h6 27.a5 f5 28.g4 Kf6 29.Nd4 b6
30.gxf5 gxf5 31.a6 Rd5 32.h4 Re5 33.Rb1 c5 34.Nb5 cxb4 35.Nxa7 Ra5 36.Rxb4 Rxa6
37.Nb5 Ra2+ 38.Kb3 Ra1 39.Kc4 Rh1 40.Nd4 Rxh4 41.Rxb6 Rh1 42.Rb8 h5 43.Rf8+ Ke5
44.Rf7 Kd6 45.Nxf5+ Kxe6 46.Rxe7+ Kxf5 47.Kc5 h4 48.c4 h3 49.Rh7 Kg4 50.Kc6  1/2-1/2

[Event "12th ch-Euro Seniors w"]
[Site "Kaunas LTU"]
[Date "2012.08.23"]
[Round "6.2"]
[White "Gaprindashvili,N1"]
[Black "Miednikova,S"]
[Result "0-1"]
[WhiteElo "2356"]
[BlackElo "2177"]

1.d4 d5 2.c4 e6 3.Nf3 c6 4.Qb3 f5 5.g3 Nf6 6.Bg2 Bd6 7.O-O O-O 8.Bf4 Bxf4
9.gxf4 Nbd7 10.Nbd2 Ne4 11.Rad1 b6 12.Qe3 Bb7 13.Ng5 Qe8 14.Ndxe4 dxe4 15.f3 h6
16.Nh3 exf3 17.Bxf3 Rb8 18.Nf2 c5 19.Bxb7 Rxb7 20.dxc5 Nxc5 21.b4 Nd7 22.Rd6 e5
23.Rfd1 e4 24.Qd4 Nf6 25.Qe3 Qf7 26.c5 bxc5 27.bxc5 Qxa2 28.c6 Rc7 29.Qc5 Qxe2
30.Rd8 Ne8 31.Qd5+ Rcf7 32.Rd7 Nf6 33.Qxf5 Nxd7 34.Qxe4 Qxe4 35.Nxe4 Nb6  0-1

[Event "12th ch-Euro Seniors w"]
[Site "Kaunas LTU"]
[Date "2012.08.24"]
[Round "7.5"]
[White "Januseviciute,D"]
[Black "Gaprindashvili,N1"]
[Result "0-1"]
[WhiteElo "1793"]
[BlackElo "2356"]

1.d4 c5 2.d5 e5 3.c4 d6 4.Nc3 g6 5.e4 Bg7 6.Bd3 Nh6 7.Nge2 O-O 8.O-O Na6
9.a3 Nc7 10.b4 b6 11.b5 f5 12.f3 Nf7 13.g3 f4 14.g4 h5 15.h3 Qh4 16.Rf2 Ng5
17.Kf1 Qxh3+ 18.Rg2 Qxf3+ 19.Rf2 Qh3+  0-1

[Event "12th ch-Euro Seniors w"]
[Site "Kaunas LTU"]
[Date "2012.08.25"]
[Round "8.3"]
[White "Fatalibekova,E"]
[Black "Gaprindashvili,N1"]
[Result "0-1"]
[WhiteElo "2273"]
[BlackElo "2356"]

1.e4 b6 2.d4 Bb7 3.Nc3 e6 4.a3 g6 5.Be3 Ne7 6.f3 d5 7.Qd2 Nd7 8.Bh6 dxe4
9.fxe4 Nf6 10.Bxf8 Kxf8 11.Qe3 Nxe4 12.Nxe4 Nf5 13.Qf4 Qxd4 14.Bd3 e5 15.Qf2 Bxe4
16.Qxd4 exd4 17.Bxe4 Re8 18.O-O-O Rxe4 19.Nf3 Kg7 20.Rd2 Rhe8  0-1

[Event "12th ch-Euro Seniors w"]
[Site "Kaunas LTU"]
[Date "2012.08.26"]
[Round "9.3"]
[White "Gaprindashvili,N1"]
[Black "Kruusiauk,Hedda"]
[Result "1-0"]
[WhiteElo "2356"]
[BlackElo "1928"]

1.d4 d5 2.c4 e6 3.Nc3 c6 4.e3 Bd6 5.f4 Nf6 6.Nf3 Ne4 7.Bd3 f5 8.O-O Nd7 9.Ne5 Ndf6
10.Bxe4 dxe4 11.Rb1 Qe7 12.a3 O-O 13.b4 Ng4 14.Nxg4 fxg4 15.Nxe4 Bc7 16.Bb2 b6
17.Qc2 h6 18.Qe2 a5 19.bxa5 Rxa5 20.Qxg4 e5 21.f5 exd4 22.Bxd4 Re5 23.Bxe5 Qxe5
24.Qg3 Re8 25.Qxe5 Rxe5 26.Ng3 Rxe3 27.Rbe1 Re5 28.Rxe5 Bxe5 29.Kf2 Ba6 30.Rc1 Bb2
31.Rc2 Bxa3 32.Ne4 b5 33.Ke3 bxc4 34.Ra2 Bc1+ 35.Kd4 Bb5 36.g4 Bf4 37.h4 Bc7
38.g5 Bb6+ 39.Ke5 hxg5 40.hxg5 Kf7 41.Nd6+ Ke7 42.Nc8+  1-0

[Event "22nd World Seniors Women"]
[Site "Kamena Vourla GRE"]
[Date "2012.11.13"]
[Round "1.1"]
[White "Lopatin,O"]
[Black "Gaprindashvili,N1"]
[Result "0-1"]
[WhiteElo "2091"]
[BlackElo "2350"]

1.d4 c5 2.c3 d5 3.g3 Bf5 4.Bg2 e6 5.Nf3 Nc6 6.O-O Nf6 7.Qa4 Qb6 8.Nbd2 cxd4
9.Nxd4 Bg6 10.N2b3 Nd7 11.Be3 Qc7 12.Nxc6 Qxc6 13.Qxc6 bxc6 14.Na5 Rc8 15.Rac1 Bc5
16.Bxc5 Nxc5 17.Rfd1 Ke7 18.c4 Kf6 19.Rc3 Na4 20.Rf3+ Ke7 21.Rb3 Rc7 22.Rb4 Nc5
23.Nb3 Bc2 24.Rd2 Bxb3 25.axb3 Rd8 26.e3 Rdd7 27.cxd5 cxd5 28.e4 dxe4 29.Rxd7+ Rxd7
30.Bxe4 a5 31.Rc4 Nxb3 32.Bc2 Nd2 33.Rc5 Rb7 34.b3 Nf3+ 35.Kf1 Nd4 36.Bd1 Rb5
37.Rc7+ Kf6 38.Ra7 Rc5 39.Ke1 Rd5 40.Rb7 Kg6 41.b4 axb4 42.Rxb4 f5 43.h4 Kf6
44.Rb7 Rd6 45.Rc7 e5 46.Bh5 g6 47.Bd1 h6 48.Rh7 h5 49.Rh8 e4 50.Ra8 Rb6 51.Ra2 Ne6
52.f3 Nc5 53.Kf2 Rd6 54.Be2 Ke5 55.Ke3 exf3 56.Kxf3 Nb3 57.Ke3 Rc6 58.Kf2 Rc5
59.Ra3 Nd2 60.Bd3 Kd4 61.Ke2 Ne4 62.Ra4+ Ke5 63.Bxe4 fxe4 64.Ra3 Kd4 65.Ra6 Rc2+
66.Kd1 Rg2 67.Rxg6 Ke3 68.Rg5 Rg1+ 69.Kc2 Ke2 70.Rxh5 Rxg3 71.Re5 e3 72.h5 Rh3
73.Rf5 Rh2 74.Kc3 Ke1 75.Rg5 e2  0-1

[Event "22nd World Seniors Women"]
[Site "Kamena Vourla GRE"]
[Date "2012.11.14"]
[Round "2.1"]
[White "Gaprindashvili,N1"]
[Black "Melashvili,N"]
[Result "1/2-1/2"]
[WhiteElo "2350"]
[BlackElo "2128"]

1.d4 d5 2.c4 Nc6 3.cxd5 Qxd5 4.Nf3 Bg4 5.Nc3 Qd6 6.d5 Ne5 7.Qd4 Nxf3+ 8.exf3 Bd7
9.Nb5 Bxb5 10.Bxb5+ Kd8 11.Bf4 e5 12.Bxe5 Qb4+ 13.Qxb4 Bxb4+ 14.Bc3 Bxc3+
15.bxc3 Ne7 16.O-O-O Nf5 17.Bd3 Nd6 18.c4 b6 19.Kc2 Kd7 20.Kc3 Nb7 21.Bf5+ Kd6
22.Rhe1 g6 23.Bc2 Nc5 24.Re3 a5 25.Rde1 Rad8 26.f4 c6 27.Kd4 b5 28.cxb5 cxd5
29.f5 Rb8 30.a4 gxf5 31.Bxf5 Nxa4 32.Re7 Nc5 33.Rxf7 Nb3+ 34.Kc3 Rhf8 35.Re6+ Kc5
36.Rxf8 Rxf8 37.Bd3 Nd4 38.Re7 Nxb5+ 39.Bxb5 Kxb5 40.Rxh7 Rxf2 41.g4 Rg2
42.h3 Kc5 43.Rc7+ Kd6 44.Ra7 Ke5 45.Re7+ Kd6  1/2-1/2

[Event "22nd World Seniors Women"]
[Site "Kamena Vourla GRE"]
[Date "2012.11.15"]
[Round "3.1"]
[White "Gaprindashvili,N1"]
[Black "Titorenko,N"]
[Result "1-0"]
[WhiteElo "2350"]
[BlackElo "2137"]

1.d4 e6 2.c4 f5 3.Nf3 Nf6 4.g3 d6 5.Bg2 Be7 6.O-O O-O 7.b3 c6 8.Nbd2 Qe8
9.Re1 Qh5 10.e4 Nxe4 11.Nxe4 fxe4 12.Rxe4 e5 13.Ba3 Bg4 14.Rxg4 Qxg4 15.dxe5 Nd7
16.exd6 Bf6 17.Rc1 Rae8 18.Qd3 Re6 19.c5 Rfe8 20.b4 a6 21.Bf1 g6 22.Qb3 Kg7
23.Bb2 Bxb2 24.Qxb2+ Rf6 25.Bg2 Kf7 26.Qc3 Re2 27.h3 Qf5 28.Qc4+ Rfe6 29.Qh4 Kg7
30.Rf1 R2e4 31.g4 Qf6 32.Ng5 Nb8  1-0

[Event "22nd World Seniors Women"]
[Site "Kamena Vourla GRE"]
[Date "2012.11.16"]
[Round "4.1"]
[White "Beltz,M"]
[Black "Gaprindashvili,N1"]
[Result "1/2-1/2"]
[WhiteElo "2097"]
[BlackElo "2350"]

1.c4 e5 2.g3 Nc6 3.Bg2 d6 4.Nc3 Be6 5.d3 Qd7 6.e4 g6 7.h4 h6 8.Nge2 Bg7 9.Nd5 Nce7
10.Be3 c6 11.Nxe7 Nxe7 12.Qd2 d5 13.cxd5 cxd5 14.d4 dxe4 15.dxe5 Qxd2+ 16.Bxd2 Bxe5
17.Bxe4 Bd5 18.Bxd5 Nxd5 19.O-O-O O-O-O  1/2-1/2

[Event "22nd World Seniors Women"]
[Site "Kamena Vourla GRE"]
[Date "2012.11.17"]
[Round "5.1"]
[White "Ankudinova,Y"]
[Black "Gaprindashvili,N1"]
[Result "1/2-1/2"]
[WhiteElo "2147"]
[BlackElo "2350"]

1.d4 c5 2.c3 d5 3.Nf3 e6 4.e3 Nf6 5.Bd3 Bd6 6.Nbd2 Nc6 7.O-O O-O 8.dxc5 Bxc5
9.b4 Be7 10.b5 Na5 11.Bb2 b6 12.Qe2 Bb7 13.Rfd1 Nd7 14.c4 Bf6 15.Bxf6 Nxf6
16.Rac1 Rc8 17.e4 dxe4 18.Nxe4 Bxe4 19.Bxe4 Qc7 20.Ne5 Nxe4 21.Qxe4 Rfd8
22.h4 Rd6 23.g3 Rcd8 24.Rxd6 Qxd6 25.c5 bxc5  1/2-1/2